| 000 | 00365nam a2200145Ia 4500 | ||
|---|---|---|---|
| 005 | 20251222153613.0 | ||
| 008 | 251222s9999||||xx |||||||||||||| ||spa|| | ||
| 020 | _a9786124593406 | ||
| 082 | _a320.985/A22 | ||
| 100 | _aAcurio, RĂ³mulo | ||
| 245 | 0 | _aLa Democracia como Activismo Cultural | |
| 250 | _a1ra.ed. | ||
| 264 | _bTambo de Papel Editores | ||
| 942 | _cLIB | ||
| 999 |
_c31677 _d31677 |
||